| 000 | 00686nam a2200193Ii 4500 | ||
|---|---|---|---|
| 003 | JO-AjNU | ||
| 008 | 230605s9999||||xx |||||||||||||| ||und|| | ||
| 040 |
_aJO-AjNU _bara _erda _cJO-AjNU |
||
| 041 | _aara | ||
| 050 | 1 | 4 | _aRA418.M3422 1991 |
| 100 | 3 |
_aمخلوف ، اقبال ابراهيم, _eauthor _941292 |
|
| 245 | 0 | 0 | _aالعمل الاجتماعي في مجال الرعاية الطبيه اتجاهات تطبيقية |
| 264 | 3 | 1 | _aاسكندريه:دار المعرفةالجامعية ، 1991 |
| 300 | _a291ص | ||
| 336 |
_atext _btxt _2rdacontent |
||
| 337 |
_aunmediated _bn _2rdamedia |
||
| 338 |
_avolume _bnc _2rdacarrier |
||
| 650 | 4 |
_aخدمات طبية _941293 |
|
| 999 |
_aA17594 _c21162 _d21162 |
||